| 000 | 00683nam a22002057a 4500 | ||
|---|---|---|---|
| 005 | 20251108170748.0 | ||
| 008 | 250721s1995 xx 000 0 ara d | ||
| 082 | 1 | 4 | _a1/363 |
| 100 | 1 | _aزيدان، حسان | |
| 245 | 1 | 0 |
_aالأمن الصناعي : _bالسلامة و الصمة المهنية في الموسسات الصناعية / |
| 264 | 1 |
_aبيروت : _bموسسة عز الدين للطباعة و للنشر، _c1995. |
|
| 300 | _a206ص | ||
| 650 | 1 | 7 | _aالسلامة |
| 650 | 1 | 7 | _aاجراءات السلامة |
| 650 | 1 | 7 | _aالحوادث |
| 650 | 1 | 7 | _aالوقاية الصحية |
| 650 | 1 | 7 | _aمنع الحوادث |
| 942 |
_2ddc _cBK |
||
| 999 |
_c48397 _d48397 |
||